Ανάπτυξη μεθόδου κατανομής θαλάσσιας εμπορευματικής κίνησης : η περίπτωση της Μεσογείου : διπλωματική εργασία

Αποθηκεύτηκε σε:
Λεπτομέρειες βιβλιογραφικής εγγραφής
Κύριος συγγραφέας: Παυλίδης, Πέτρος
Συγγραφή απο Οργανισμό/Αρχή: Πανεπιστήμιο Αιγαίου Σχολή Επιστημών της Διοίκησης Τμήμα Ναυτιλίας και Επιχειρηματικών Υπηρεσιών Πρόγραμμα Μεταπτυχιακών Σπουδών "Ναυτιλία, Μεταφορές και Διεθνές Εμπόριο - ΝΑ.Μ.Ε."
Άλλοι συγγραφείς: Κάπρος, Σεραφείμ (Εισηγητής διατριβής)
Μορφή: Thesis Βιβλίο
Γλώσσα:Greek
Δημοσίευση: 2013
Θέματα:
Διαθέσιμο Online:http://hdl.handle.net/11610/13034
Ετικέτες: Προσθήκη ετικέτας
Δεν υπάρχουν, Καταχωρήστε ετικέτα πρώτοι!

MARC

LEADER 00000cam a2200000 i 4500
001 1/54925
008 140904s2013 gre d
035 |l 10118922 
040 |a GR-MY-UA  |b gre  |e aacr 
041 0 |a gre 
082 0 |a 387.245091638  |2 (23) 
100 1 |a Παυλίδης, Πέτρος. 
245 1 0 |a Ανάπτυξη μεθόδου κατανομής θαλάσσιας εμπορευματικής κίνησης :  |b η περίπτωση της Μεσογείου : διπλωματική εργασία /  |c Παυλίδης Πέτρος ; επιβλέπων: Κάπρος Σεραφείμ 
260 |c 2013 
300 |a 61 σ.;  |b πίν., διαγρ., χάρτες;  |c 30 εκ. 
502 # # |a Διατριβή (μεταπτυχιακή) – Πανεπιστήμιο Αιγαίου, Χίος, 2013. 
504 |a Περιλαμβάνει βιβλιογραφία 
650 0 0 |a Shipping  |z Mediterranean Sea. 
650 0 0 |a Ships  |x Cargo. 
650 0 0 |a Freight and freightage. 
650 0 0 |a Cluster analysis. 
650 0 0 |a Dissertations, Academic  |z Greece. 
700 1 |a Κάπρος, Σεραφείμ.  |4 ths 
710 1 |a Πανεπιστήμιο Αιγαίου  |b Σχολή Επιστημών της Διοίκησης  |b Τμήμα Ναυτιλίας και Επιχειρηματικών Υπηρεσιών  |b Πρόγραμμα Μεταπτυχιακών Σπουδών "Ναυτιλία, Μεταφορές και Διεθνές Εμπόριο - ΝΑ.Μ.Ε.". 
852 |a INST  |b CHIOS  |c DIATR  |e 20140905  |h 387.245091638 ΠΑΥ  |p 005200034566  |q 005200034566  |t MTXE  |y 23 
852 |a INST  |b CHIOS  |c DIATR  |e 20140904  |h 387.245091638 ΠΑΥ  |p 005200036213  |q 005200036213  |t MTXE  |y 23 
856 |u http://hdl.handle.net/11610/13034 
901 |a BIBL2-2014-3 
909 |a Χ  |b 180566 
909 |a Χ  |b 180749 
924 |a ΠΑΥΛΙΔΗΣ  |b ΠΕΤΡΟΣ  |y ΧΙΟΣ  |z 2013-11 
970 |a ΠΑΡΟΙΚΑΚΗ  |b ΒΑΣΙΛΙΚΗ  |z 2014/09/04